000 00988nam a2200277Ia 4500
001 Para_2682
003 CHAP
008 220125s1897 xx 000 0 und d
010 _a201257
040 _cCHAP
082 _aPA-C 595.752 J38
100 _aOsborn, Herbert
_984164
245 _aThe genus peiopsis :
_b A review of the North American species /
_c by Herbert Osborn and Elmer D. Ball
300 _a13 p.
440 _aJassoidea of America; 1
_9165950
500 _aSobretiro de: Proceedings of the Davenport Academy of Natural Sciences 7: 111-123, 1897. Encuadernado con: American leaf-hoppers of the subfamily typhlocybinae /by Clarence P. Guillette 70-149
650 _aCicadelidos
_x Colecciones de escritos Macropsis
_9166150
700 _aBall, Elmer Darwin
_99708
901 _aPA-C 595.752 J38
902 _aA
905 _a0000001897 0000000000 00
910 _a1897
942 _cPARA
942 _cPARA
_d1
999 _c201257
_d201257